[Event "Wroclaw-ch"]
[Site "Wroclaw"]
[Date "2004.??.??"]
[Round "4"]
[White "Architek, Agnieszka"]
[Black "Babijczuk, Pawel"]
[Result "1-0"]
[WhiteElo "1800"]
[BlackElo "1965"]
[PlyCount "101"]
[EventDate "2004.??.??"]
[EventType "swiss"]
[EventRounds "9"]
[EventCountry "POL"]
[SourceTitle "EXT 2007"]
[Source "ChessBase"]
[SourceDate "2006.11.23"]
[SourceVersion "1"]
[SourceVersionDate "2006.11.23"]
[SourceQuality "1"]

1. e4 c5 2. Nf3 Nc6 3. c4 g6 4. d4 cxd4 5. Nxd4 Bg7 6. Be3 Nf6 7. Nc3 Nxd4 8. Bxd4 0-0 9. Be2 d6 10. 0-0 Qa5 11. Rc1 Be6 12. f4 Rfc8 13. b3 a6 14. Bf3 Rab8 15. Qe2 Nd7 16. Bxg7 Kxg7 17. Nd5 Bxd5 18. cxd5 Qa3 19. Rxc8 Rxc8 20. Bg4 Rc7 21. Bxd7 Rxd7 22. h4 Rc7 23. Kh2 b5 24. f5 Rc1 25. Rf2 Ra1 26. e5 gxf5 27. Rxf5 Qc1 28. Qf2 Qh1+ 29. Kg3 Qe1 30. Rxf7+ Kg6 31. Rxe7 dxe5 32. Qxe1 Rxe1 33. Kf2 Ra1 34. Rxe5 Rxa2+ 35. Kf3 Kf6 36. Re6+ Kf7 37. g4 Rd2 38. Rxa6 Rxd5 39. Ke4 Rc5 40. Rb6 h5 41. Kd4 Rc1 42. gxh5 Rh1 43. Rxb5 Rxh4+ 44. Kc3 Kg7 45. Rc5 Rh3+ 46. Kb4 Rh4+ 47. Kb5 Rh3 48. b4 Rh4 49. Ka5 Kf7 50. b5 Ke7 51. Kb6 1-0

[Event "Wroclaw-ch"]
[Site "Wroclaw"]
[Date "2004.??.??"]
[Round "7"]
[White "Architek, Agnieszka"]
[Black "Vasiliev, Sergey"]
[Result "1-0"]
[WhiteElo "1800"]
[BlackElo "2100"]
[PlyCount "98"]
[EventDate "2004.??.??"]
[EventType "swiss"]
[EventRounds "9"]
[EventCountry "POL"]
[SourceTitle "EXT 2007"]
[Source "ChessBase"]
[SourceDate "2006.11.23"]
[SourceVersion "1"]
[SourceVersionDate "2006.11.23"]
[SourceQuality "1"]

1. e4 e5 2. Nf3 Nc6 3. d4 exd4 4. Nxd4 Qh4 5. Nb5 Bb4+ 6. c3 Bc5 7. Qc2 Bb6 8. g3 Qf6 9. Bf4 d6 10. Bg2 a6 11. N5a3 Be6 12. 0-0 Nge7 13. Nd2 Ng6 14. Be3 Bxe3 15. fxe3 Qg5 16. Rae1 Nce5 17. b3 0-0 18. Rf4 b5 19. Bf1 Qe7 20. Nab1 Rfb8 21. Nf3 Nxf3+ 22. Rxf3 Ne5 23. Rf4 c5 24. Nd2 a5 25. c4 b4 26. Bg2 Bd7 27. Ref1 a4 28. Rh4 axb3 29. axb3 Ng4 30. e5 h6 31. Rxg4 Bxg4 32. Bxa8 Rxa8 33. Qe4 Ra2 34. exd6 Qxd6 35. Qxg4 Rxd2 36. Qc8+ Qf8 37. Qf5 Qe7 38. e4 Rd3 39. Ra1 g6 40. Ra8+ Kg7 41. Qf4 Rxb3 42. Rc8 Rb1+ 43. Kg2 Re1 44. Rc7 Qxe4+ 45. Qxe4 Rxe4 46. Rxc5 g5 47. Kf3 f5 48. h3 h5 49. Rxf5 Rf4+ 1-0

[Event "Wroclaw-ch"]
[Site "Wroclaw"]
[Date "2003.??.??"]
[Round "2"]
[White "Butkiewicz, Lukasz"]
[Black "Architek, Agnieszka"]
[Result "1-0"]
[WhiteElo "2040"]
[BlackElo "1800"]
[PlyCount "59"]
[EventDate "2003.??.??"]
[EventType "swiss"]
[EventRounds "9"]
[EventCountry "POL"]
[SourceTitle "EXT 2007"]
[Source "ChessBase"]
[SourceDate "2006.11.23"]
[SourceVersion "1"]
[SourceVersionDate "2006.11.23"]
[SourceQuality "1"]

1. e4 c6 2. d4 d5 3. f3 dxe4 4. fxe4 Nf6 5. Nc3 g6 6. Nf3 Bg4 7. Bc4 Bg7 8. Bxf7+ Kxf7 9. Ne5+ Ke8 10. Nxg4 Nxg4 11. Qxg4 Qxd4 12. Qc8+ Qd8 13. Qxb7 Nd7 14. 0-0 Bd4+ 15. Kh1 Rc8 16. Qb3 Rf8 17. Rxf8+ Nxf8 18. Bh6 Kd7 19. Rd1 e5 20. Ne2 Qh4 21. Qf7+ Qe7 22. Qc4 Kc7 23. Nxd4 exd4 24. Qxd4 Kb7 25. Be3 Ka8 26. e5 Ne6 27. Qd7 Qxd7 28. Rxd7 Rc7 29. Rxc7 Nxc7 30. c4 1-0